000 00612nam a2200205Ia 4500
003 OSt
005 20240927144524.0
008 210210b1978 xxu||||| |||| 00| 0 eng d
040 _cAL
041 _aKannada
082 _aK494.6 RANC
100 _aRANGASWAMY (D T).
_d ರಂಗಸ್ವಾಮಿ (ಡಿ ಟಿ)
_9180555
245 _aChandashastradarpana.
_bಛಂದ ಶಾಸ್ತ್ರ ದರ್ಪಣ
260 _aMaisuru.
_bTa Vem Smaraka Granthamale
_c1978
300 _avi,124
650 _aKannada chandassu
_9180556
690 _aKannada Grammar
_9180557
906 _aSG01705
942 _2ddc
_cBK
999 _c113083
_d113083